Najgłębsze Jeziora Polski - Statystyki

Ogólne statystyki
  • Ten quiz został rozwiązany 321 razy
  • Średni wynik to 4 z 10
Statystyki odpowiedzi
Lp. Głębokość maksymalna (m) Region Polski Jezioro % Poprawnych
1. 106,2 Pojezierze Wschodniosuwalskie Hańcza
95%
4. 77,0 Tatry Wysokie Czarny Staw pod Rysami
54%
2. 82,2 Pojezierze Drawskie Drawsko
52%
5. 74,2 Pojezierze Litewskie Wigry
50%
3. 80,3 Tatry Wysokie Wielki Staw Polski
40%
6. 69,5 Bory Tucholskie Wdzydze
23%
10. 58,8 Pojezierze Lubuskie Ciecz
10%
7. 67,3 Pojezierze Iławskie Wuksniki
10%
9. 60,7 Pojezierze Myśliborskie Morzycko
9%
8. 65,2 Pojezierze Mazurskie Babięty Wielkie
7%
Nie znaleziono quizów pasujących do podanych kryteriów
Rozkład punktacji
Procent ludzi z każdym wynikiem
Percentyl według liczby udzielonych odpowiedzi
Twoja historia wyników
Nie rozwiązałeś tego quizu